| 000 | 01723cam a2200433 a 4500 | ||
|---|---|---|---|
| 001 | 14535894 | ||
| 003 | Nust | ||
| 005 | 20220829114346.0 | ||
| 008 | 060906s2006 nyuab 000 1 eng | ||
| 010 | _a 2006029539 | ||
| 020 | _a9780425216224 | ||
| 020 | _a9780399153693 | ||
| 035 | _a(OCoLC)ocm71275614 | ||
| 040 |
_aDLC _cDLC _dBAKER _dWIQ _dC#P _dVP@ _dYDX _dYDXCP _dDLC |
||
| 050 | 0 | 0 |
_aPS3553.U75 _bT74 2006 |
| 082 | 0 | 0 |
_a823 _bCUS |
| 100 | 1 |
_aCussler, Clive. _912104 |
|
| 245 | 1 | 0 |
_aTreasure of Khan / _cClive Cussler and Dirk Cussler. |
| 260 |
_aNew York : _bG.P. Putnam's Sons, _c2006. |
||
| 300 |
_a464 p. : _bill., map ; _c24 cm. |
||
| 490 | 1 | _aDirk Pitt adventures by Clive Cussler | |
| 500 | _aMap on lining papers. | ||
| 600 | 1 | 0 |
_aPitt, Dirk _c(Fictitious character) _vFiction. _912112 |
| 600 | 0 | 0 |
_aGenghis Khan, _d1162-1227 _vFiction. _998568 |
| 650 | 0 |
_aOceanographers _vFiction. _998569 |
|
| 650 | 0 |
_aOil industries _vFiction. _998570 |
|
| 650 | 0 |
_aMongols _vFiction. _998571 |
|
| 650 | 0 |
_aTreasure troves _vFiction. _912161 |
|
| 651 | 0 |
_aMongolia _vFiction. _998572 |
|
| 651 | 0 |
_aRussia (Federation) _vFiction. _910849 |
|
| 655 | 7 |
_aAdventure fiction. _2gsafd _95620 |
|
| 700 | 1 |
_aCussler, Dirk. _998573 |
|
| 800 | 1 |
_aCussler, Clive. _tDirk Pitt adventure. _998574 |
|
| 856 | 4 | 2 |
_3Contributor biographical information _uhttp://www.loc.gov/catdir/enhancements/fy0717/2006029539-b.html |
| 856 | 4 | 2 |
_3Publisher description _uhttp://www.loc.gov/catdir/enhancements/fy0717/2006029539-d.html |
| 906 |
_a7 _bcbc _corignew _d1 _eecip _f20 _gy-gencatlg |
||
| 942 |
_2ddc _cBK |
||
| 999 |
_c174474 _d174474 |
||